| 000 | 00658nam a2200217 a 4500 | ||
|---|---|---|---|
| 003 | PILC | ||
| 005 | 20160215103213.0 | ||
| 008 | 091116s19uu xx 00 eng d | ||
| 020 | _a0071116559 | ||
| 050 |
_aBF 76.5 _b.Sh46 2006 |
||
| 100 | _aShaughnessy, John J. | ||
| 245 |
_aResearch methods in psychology / _cJohn J. Shaughnessy. |
||
| 260 |
_aBoston : _bMcGraw-Hill, _c2006. |
||
| 300 |
_a578 pages : _billustrations ; _c24 cm. |
||
| 500 | _aIncludes appendices, glossary and index. | ||
| 650 |
_aResearch Methods _xPsychology. |
||
| 700 | _aZechmeister, Eugene B. | ||
| 700 | _aZechmeister, Jeanne S. | ||
| 942 |
_cBK _2lcc _kFOR |
||
| 999 |
_c23681 _d23681 |
||